| 000 | 01103nam a22002537a 4500 | ||
|---|---|---|---|
| 005 | 20170124110007.0 | ||
| 010 | _aA-612658 | ||
| 020 |
_c00.00 _a0803991118 |
||
| 020 | _a8170363373 | ||
| 035 | _aA-612658 | ||
| 037 | _bCen Lib/Ret | ||
| 040 |
_aDPL _bEN |
||
| 082 |
_a378.54 _bCHI |
||
| 245 |
_aHigher education reform in India : _cedited by Suma Chitnis [and] Philip G Altbach _b experience and perspectives / |
||
| 260 |
_aNew Delhi _bSage Publications _c1993 |
||
| 270 |
_bNew Delhi _aM-32 Greater Kailash-I _e110048 |
||
| 300 |
_a438p. _c21cm(Hb) |
||
| 500 | _aIncludes index | ||
| 650 |
_aEducation, Higher -- India _917101 |
||
| 650 |
_aEducation, Higher -- India -- Finance _917102 |
||
| 700 |
_aChitnis, Suma _917103 |
||
| 700 |
_aAltbach, Philip G. _917104 |
||
| 942 |
_2ddc _cEN _h378.54 _mCHI |
||
| 999 |
_c126271 _d126271 |
||